00795nam a2200145Ia 4500008004100000020001800041100001700059245012400076260002700200650025100227650002200478856004100500999001900541952008900560171212s9999 xx 000 0 und d a9780833042996 aChalk, Peter cChalk, PeteraThe Maritime Dimension of International SecuritybTerrorism, Piracy, and Challenges for the United States bRAND Corporationc2008 aMerchant marine -- Security measures -- United States; Security, International; Shipping -- Security measures; Maritime terrorism -- Prevention; Terrorism -- Prevention; Piracy -- Prevention; Unified operations (Military science) -- United States aPolitical Science uwww.jstor.org/stable/10.7249/mg697af c352689d352689 001040aCLbCLd2017-12-12l0oVK203.C48 2008r2017-12-12 00:00:00w2017-12-12yCBE